000
00323nam a22001457a 4500
003
SGT
082
_a
615.015
_b
N14A
100
_a
ANTHIKAD , JACOB
245
_a
NUTRITION AND BIOCHEMISTRY FOR NURSES
250
_a
2ND
260
_a
DELHI
_b
JAYPEE PUB.
_c
2014
300
_a
502
650
_a
NUTRITION
942
_2
ddc
_c
BK
_0
67
999
_c
8177
_d
8177